000
00323nam a22001457a 4500
008
230721b ||||| |||| 00| 0 eng d
020
_a
9780336041220
041
_a
eng
080
_a
521
082
_a
521PED
100
_a
19
101
_a
ASTRO
245
_a
EARLY PHYSICS & ASTRONOMY
_c
PEDERSEN . O
942
_2
udc
_c
BK
999
_c
60192
_d
60192